Culture Générale - Série 2038 - Statistiques

Statistiques générales
  • Ce quiz a été pris 72 fois
  • Le résultat moyen est 4 sur 10
Statistiques - réponses
Question Réponse % Correct
Comment appelle-t-on l'oeuf du pou ? lente
91%
Quel anglicisme de 4 lettres commençant par " c" signifie "confortable, agréable" ? cosy
67%
Examiner avec soin, pour découvrir ce qui est caché. - 7 lettres commençant par " s " scruter
62%
Quelle ville française est la ville aux 100 clochers, selon Victor Hugo ? Rouen
52%
Comment appelle-t-on également la licorne des mers ? narval
51%
Quelle commune française est connue pour son pont suspendu sur la Seine ouvert à la circulation en 1959 ? voir photo Tancarville
42%
Dans quel département français se trouve la cité balnéaire d'Houlgate ? Calvados
38%
Tête de rocher voisine des côtes et dangereuse pour la navigation étoc
25%
Vieux mot français désignant en général une couleur bleu-vert pers
4%
Le nom de code de l'offensive américaine menée fin juillet 1944 dans le Cotentin s'appelait "Opération .... cobra
1%
Aucun quiz correspondant
Distribution des résultats
% des personnes avec chaque résultat
Percentile par nombre de réponses
Votre historique - résultats
Vous n’avez pas pris ce quiz